000 00876nam a2200265 i 4500
001 66381
003 ES-MaACL
005 20240421063017.0
007 t|
008 010329s2000 sp ||||0| spa d
020 _a84-414-0683-9
040 _aM-BN
_bspa
_cM-BN
080 _a821.134.2-14"19"
100 0 _aGómez Gil, Alfredo,
_d1936-
_957969
245 1 0 _aNanas para dormirlos_ y despertarlos /
_cAlfredo Gómez Gil ; ilustraciones de Eberhard Schlotter ; traducción al japonés Etsuko Asami.
260 _aMadrid :
_bEdaf,
_c2000.
300 _a157 p :
_bil ;
_c21 cm.
490 1 _aBiblioteca Edaf ;
_v247
500 _aTexto en japonés y español.
700 1 _aSchlotter, Eberhard.
_9104434
700 1 _aAsami, Etsuko.
_923529
830 0 _aBiblioteca Edaf ;
_v247
_9179778
852 _aES-MaACL
_jL-26844
_bR.132183
999 _c66381
_d66381